Proceedings of the Seminar on Taman Negara held at Taman Negara, 16-18 November 1995

Bibliographic Details
Corporate Author: SEMINAR on Taman Negara
Other Authors: Ibrahim Komoo , 1952-
Format: Book
Published: Bangi, Selangor : Institute for Environment and Development (LESTARI), UKM , 1996
Subjects:

MARC

LEADER 00000cam a2200000 7i4500
001 0000000685
005 20011210.0
020 0 0 |a 9839444042 
090 0 0 |a 333.7831   |b SEM 1996 
110 1 0 |a SEMINAR on Taman Negara   |k 1995   |j Taman Negara 
245 1 0 |a Proceedings of the Seminar on Taman Negara held at Taman Negara, 16-18 November 1995   |c editor Ibrahim Komoo 
260 0 0 |a Bangi, Selangor :   |b Institute for Environment and Development (LESTARI), UKM ,   |c 1996 
300 |a 114 p. :   |b ill. ;   |c 23 cm. 
500 0 0 |a Includes bibliographical references 
650 0 0 |a National parks and reserves   |x Management 
650 0 0 |a National parks and reserves   |z Peninsular Malaysia   |x Congresses 
650 0 0 |a National parks and reserves   |z Sabah   |x Congresses 
650 0 0 |a Natural history   |z Peninsular Malaysia   |x Congresses 
650 0 0 |a Nature conservation   |z Peninsular Malaysia   |x Congresses 
700 0 1 |a Ibrahim Komoo ,   |c 1952- 
745 0 0 |a Taman Negara : Conserving our national heritage 
998 |a JPSM 
999 |a 0000001784   |b Monograph   |c Open Shelf   |e Default branch